[Event "BL 0708 SC Eppingen - Hamburger SK"]
[Site "?"]
[Date "2007.10.21"]
[Round "2.4"]
[White "Medvegy, Zoltan"]
[Black "Mueller, Karsten Dr"]
[Result "1-0"]
[WhiteElo "2512"]
[BlackElo "2515"]
[PlyCount "97"]
[EventDate "2007.??.??"]

1. d4 Nf6 2. c4 c5 3. d5 e6 4. Nc3 exd5 5. cxd5 d6 6. Nf3 g6 7. Nd2 Nbd7 8. e4
Bg7 9. Be2 O-O 10. O-O Re8 11. h3 a6 12. a4 Rb8 13. Qc2 Nh5 14. Bxh5 gxh5 15.
a5 Qf6 16. f4 Qg6 17. f5 Bd4+ 18. Kh1 Qf6 19. Nf3 b5 20. Ne2 Qe7 21. Nexd4 cxd4
22. Re1 Nc5 23. Nxd4 Bb7 24. Bf4 Rbc8 25. Nc6 Qh4 26. Bxd6 Nxe4 27. Be7 Ng3+
28. Kg1 Qf4 29. f6 Kh8 30. Qf2 Qg5 31. Re5 Qg6 32. Re3 Ne4 33. Qc2 Bxc6 34.
dxc6 Nd6 35. Qxg6 hxg6 36. Rc1 Nc4 37. Rec3 Nxb2 38. c7 Nc4 39. Rxc4 bxc4 40.
Rxc4 Kh7 41. Kf2 Kh6 42. Ke3 Kg5 43. Ke4 Kh4 44. Rc3 Ra8 45. Kd5 Rec8 46. Kc6
g5 47. Kb7 g4 48. hxg4 Kxg4 49. Rd3 1-0

[Event "BL 0708 SC Eppingen - Hamburger SK"]
[Site "?"]
[Date "2007.10.21"]
[Round "2.5"]
[White "Heinemann, Thies"]
[Black "Vogt, Lothar"]
[Result "1/2-1/2"]
[WhiteElo "2478"]
[BlackElo "2473"]
[PlyCount "127"]
[EventDate "2007.??.??"]

1. e4 c5 2. Nf3 Nc6 3. d4 cxd4 4. Nxd4 g6 5. c4 Nf6 6. Nc3 d6 7. Be2 Nxd4 8.
Qxd4 Bg7 9. Bg5 O-O 10. Qe3 Be6 11. Rc1 Qb6 12. Qd2 Rfc8 13. b3 a6 14. f3 Qa5
15. Na4 Qxd2+ 16. Kxd2 Nd7 17. g4 Kf8 18. Be3 Rcb8 19. Nc3 b5 20. Nd5 Rb7 21.
cxb5 axb5 22. Nb4 Bb2 23. Rc2 Ba3 24. Nd3 Ne5 25. Nxe5 dxe5 26. Bd3 f6 27. Ke2
Kf7 28. h4 h5 29. gxh5 gxh5 30. Rg1 Bd6 31. Kf2 b4 32. Ke1 Ra5 33. Rgg2 Rb8 34.
Bc4 Bxc4 35. Rxc4 Rg8 36. Rxg8 Kxg8 37. Rc2 Kf7 38. Kd1 Ra8 39. Rg2 Rc8 40. Bd2
Ra8 41. Be1 Ke6 42. Kc1 Kd7 43. Kb1 Kc6 44. Bf2 Kb5 45. Rg1 Rf8 46. Be3 f5 47.
Rg5 fxe4 48. fxe4 Rf1+ 49. Kc2 Re1 50. Kd3 Ra1 51. Bf4 Rxa2 52. Bxe5 Kc6 53.
Rxh5 Ra5 54. Kd4 Bc5+ 55. Kd3 Bd6 56. Bxd6 Rxh5 57. Bxe7 Rh7 58. Bg5 Kd6 59.
Kc4 Ke5 60. Kxb4 Rb7+ 61. Kc4 Rc7+ 62. Kd3 Rb7 63. Kc4 Rc7+ 64. Kd3 1/2-1/2

[Event "BL 0708 SC Eppingen - Hamburger SK"]
[Site "?"]
[Date "2007.10.21"]
[Round "2.6"]
[White "Meinhardt, Maximillian"]
[Black "Beikert, Guenther Dr"]
[Result "0-1"]
[WhiteElo "2378"]
[BlackElo "2449"]
[PlyCount "122"]
[EventDate "2007.??.??"]

1. e4 c5 2. Nc3 g6 3. g3 Bg7 4. Bg2 Nc6 5. d3 d6 6. f4 e6 7. Nf3 Nge7 8. O-O
O-O 9. Be3 b6 10. d4 d5 11. exd5 exd5 12. Bf2 Qd6 13. Re1 Bg4 14. dxc5 bxc5 15.
Ne4 Qb8 16. Nxc5 Qxb2 17. Nb3 Rfe8 18. h3 Bxf3 19. Bxf3 Qa3 20. Rb1 Qxa2 21.
Bxd5 Nxd5 22. Qxd5 Nb4 23. Qb5 Reb8 24. Qa5 Qxa5 25. Nxa5 Bc3 26. Re3 Nd5 27.
Rxb8+ Rxb8 28. Rd3 Nxf4 29. gxf4 Bxa5 30. Bxa7 Rc8 31. Rd5 Bb4 32. Bd4 Bc3 33.
Be3 Bb4 34. Bd4 Kf8 35. f5 Rxc2 36. fxg6 hxg6 37. Bf6 Bc5+ 38. Kh1 Be7 39. Be5
f6 40. Bg3 Kf7 41. Rd7 Ke6 42. Rd4 Re2 43. Ra4 Kd5 44. Kg1 f5 45. Bf2 Bd6 46.
Kf1 Rb2 47. Rd4+ Ke6 48. Rc4 Rb3 49. Kg2 f4 50. Be1 Be5 51. Rb4 Rd3 52. Rb7 Bd4
53. Rc7 f3+ 54. Kf1 Rd1 55. Rc2 Kf5 56. h4 f2 57. Rxf2+ Bxf2 58. Kxf2 Kg4 59.
h5 Kxh5 60. Bc3 Kg4 61. Kg2 Rc1 0-1

[Event "BL 0708 SC Eppingen - Hamburger SK"]
[Site "?"]
[Date "2007.10.21"]
[Round "2.8"]
[White "Welz, Thomas"]
[Black "Sebastian, Dirk"]
[Result "0-1"]
[WhiteElo "2235"]
[BlackElo "2445"]
[PlyCount "90"]
[EventDate "2007.??.??"]

1. d4 d6 2. Nf3 g6 3. Bf4 Bg7 4. e3 Nd7 5. Be2 e5 6. Bg3 Nh6 7. c3 Nf5 8. Nbd2
Qe7 9. dxe5 dxe5 10. e4 Nxg3 11. hxg3 a5 12. Qc2 Nc5 13. Nc4 O-O 14. Ne3 c6 15.
a4 Be6 16. Bc4 Bxc4 17. Nxc4 Rfd8 18. O-O Qe6 19. b3 f6 20. Rfd1 Rxd1+ 21. Rxd1
Bf8 22. Ra1 Qg4 23. Re1 Qe6 24. Ra1 Be7 25. Nfd2 h5 26. Kf1 Bf8 27. Re1 Bh6 28.
Ne3 Kg7 29. Ndc4 b5 30. axb5 cxb5 31. Nd2 Bxe3 32. Rxe3 a4 33. bxa4 bxa4 34. c4
Qb6 35. Ra3 Rd8 36. Ra2 Qd6 37. Kg1 Qd4 38. Qb1 Qd6 39. Qb5 Rb8 40. Qa5 Kh6 41.
Qa7 Rb7 42. Qa8 Kg7 43. Kh2 Qc7 44. Kg1 Rb8 45. Qd5 Rd8 0-1

[Event "BL 0708 SF Katernberg - SV Wattenscheid"]
[Site "?"]
[Date "2007.10.21"]
[Round "2.3"]
[White "Rustemov, Alexander"]
[Black "Postny, Evgeny"]
[Result "0-1"]
[WhiteElo "2552"]
[BlackElo "2598"]
[PlyCount "64"]
[EventDate "2007.??.??"]

1. d4 d5 2. c4 c6 3. Nf3 Nf6 4. e3 Bg4 5. h3 Bxf3 6. Qxf3 e6 7. Nc3 Nbd7 8. Bd2
Bb4 9. Bd3 O-O 10. a3 Ba5 11. cxd5 cxd5 12. b4 Bc7 13. O-O Nb6 14. Rac1 Rc8 15.
e4 dxe4 16. Nxe4 Nfd5 17. Bg5 Qd7 18. Nc5 Qd6 19. g3 Rb8 20. Ne4 Qd7 21. Nc5
Qd6 22. h4 Rfc8 23. h5 h6 24. Bh4 Bd8 25. Nxb7 Rxb7 26. Rxc8 Nxc8 27. Bxd8 Qxd8
28. Qe4 Kf8 29. Rc1 Rc7 30. Rc5 Nce7 31. Bc4 Rd7 32. Qe5 Nb6 0-1

[Event "BL 0708 SF Katernberg - SV Wattenscheid"]
[Site "?"]
[Date "2007.10.21"]
[Round "2.4"]
[White "Chuchelov, Vladimir"]
[Black "Bartel, Mateusz"]
[Result "0-1"]
[WhiteElo "2544"]
[BlackElo "2609"]
[PlyCount "58"]
[EventDate "2007.??.??"]

1. Nf3 f5 2. c4 Nf6 3. g3 g6 4. b4 Na6 5. Qb3 c5 6. b5 Nc7 7. Bb2 Bg7 8. Bg2 d6
9. b6 axb6 10. Qxb6 e5 11. O-O e4 12. Ne1 Ra6 13. Qb3 Ne6 14. Na3 O-O 15. d3
Qe7 16. Nec2 exd3 17. Qxd3 f4 18. Bxf6 Bxf6 19. Rab1 Be5 20. e3 f3 21. Bh3 Kg7
22. Rb3 h5 23. Rfb1 h4 24. Bg4 hxg3 25. hxg3 Ra7 26. Ne1 Bxg3 27. Nxf3 Ng5 28.
Bxc8 Nxf3+ 29. Kg2 Qh4 0-1

[Event "BL 0708 SF Katernberg - SV Wattenscheid"]
[Site "?"]
[Date "2007.10.21"]
[Round "2.7"]
[White "Holzke, Frank Dr"]
[Black "Senff, Martin"]
[Result "1/2-1/2"]
[WhiteElo "2489"]
[BlackElo "2474"]
[PlyCount "118"]
[EventDate "2007.??.??"]

1. e4 c5 2. Nf3 d6 3. d4 cxd4 4. Nxd4 Nf6 5. Nc3 a6 6. Bg5 e6 7. f4 Qb6 8. Qd2
Qxb2 9. Rb1 Qa3 10. Be2 Nbd7 11. O-O Be7 12. f5 e5 13. Ne6 fxe6 14. fxe6 Nf8
15. Bxf6 gxf6 16. Nd5 Qc5+ 17. Kh1 Bxe6 18. Nxe7 Kxe7 19. Qh6 Ng6 20. Qg7+ Kd8
21. Qxf6+ Kd7 22. Qg7+ Kd8 23. Qf6+ Kd7 24. Qg7+ Kd8 25. Rxb7 Re8 26. Qf6+ Kc8
27. Rfb1 Qc6 28. R7b6 Qc7 29. Bxa6+ Rxa6 30. Rxa6 Kd7 31. Qf2 Rf8 32. Qg1 Ke8
33. Rd1 Nf4 34. Rdxd6 Qc4 35. Qe1 Bg4 36. Rdc6 Qd4 37. Ra8+ Kd7 38. Rxf8 Kxc6
39. h3 Be6 40. a4 Qxa4 41. Qc3+ Kd6 42. Qd2+ Kc6 43. Qc3+ Kd6 44. Qd2+ Kc6 45.
Rd8 Qa3 46. Kh2 Bxh3 47. Re8 Bd7 48. Rxe5 Qf8 49. Kg3 Ne6 50. Qd5+ Kc7 51. Rf5
Qg8+ 52. Kh2 Bc6 53. Qe5+ Kb7 54. Rf6 Nc7 55. Qc5 Qe8 56. Qb4+ Ka7 57. Qc5+ Kb7
58. Qb4+ Ka7 59. Qc5+ Kb7 1/2-1/2

[Event "BL 0708 SV Mülheim Nord - Solinger SG"]
[Site "?"]
[Date "2007.10.21"]
[Round "2.1"]
[White "Stellwagen, Daniel"]
[Black "Landa, Konstantin"]
[Result "1/2-1/2"]
[WhiteElo "2631"]
[BlackElo "2669"]
[PlyCount "58"]
[EventDate "2007.??.??"]

1. e4 c6 2. d4 d5 3. Nc3 dxe4 4. Nxe4 Bf5 5. Ng3 Bg6 6. h4 h6 7. Nf3 Nd7 8. h5
Bh7 9. Bd3 Bxd3 10. Qxd3 e6 11. Bf4 Qa5+ 12. Bd2 Bb4 13. c3 Be7 14. c4 Qc7 15.
O-O-O Ngf6 16. Rhe1 Rd8 17. Qc2 O-O 18. Nf5 exf5 19. Rxe7 Qd6 20. Re2 Ne4 21.
Nh4 Qf6 22. Nxf5 Qxf5 23. Qxe4 Qxh5 24. Bb4 f5 25. Qe6+ Rf7 26. d5 c5 27. Bc3
Qg4 28. b3 Qxg2 29. Qe3 f4 1/2-1/2

[Event "BL 0708 SV Mülheim Nord - Solinger SG"]
[Site "?"]
[Date "2007.10.21"]
[Round "2.6"]
[White "Berelovich, Alexander"]
[Black "Ragger, Markus"]
[Result "1-0"]
[WhiteElo "2587"]
[BlackElo "2529"]
[PlyCount "113"]
[EventDate "2007.??.??"]

1. e4 e5 2. Nf3 Nc6 3. Bb5 a6 4. Ba4 Nf6 5. O-O Be7 6. Re1 b5 7. Bb3 d6 8. c3
O-O 9. h3 Na5 10. Bc2 c5 11. d4 Qc7 12. Nbd2 Rd8 13. d5 Bd7 14. b3 g6 15. Nf1
c4 16. b4 Nb7 17. Bg5 a5 18. a4 Rdb8 19. axb5 axb4 20. cxb4 Bxb5 21. Bxf6 Bxf6
22. Ba4 Bxa4 23. Rxa4 c3 24. Rxa8 Rxa8 25. Qb3 Bg7 26. Ne3 Bh6 27. Nc2 Kg7 28.
Ra1 Rxa1+ 29. Nxa1 Nd8 30. Nc2 f5 31. exf5 gxf5 32. Qa2 Nf7 33. Qa6 Kf6 34. Qb5
Qc8 35. Qd3 Bg7 36. Nh4 Nh6 37. g3 e4 38. Qd4+ Kf7 39. Qa7+ Kf6 40. Ng2 Nf7 41.
Nf4 Bh6 42. Nh5+ Kg6 43. Qe7 Bg5 44. Nf4+ Kg7 45. Ne6+ Kg6 46. Nxg5 Nxg5 47.
Qxd6+ Kf7 48. Kg2 e3 49. Qc6 Qxc6 50. dxc6 Ke7 51. Nxe3 Kd6 52. c7 Kd7 53. b5
Ne4 54. b6 Nd6 55. Kf3 Kc6 56. Nc4 Nc8 57. Ke3 1-0

[Event "BL 0708 SV Mülheim Nord - Solinger SG"]
[Site "?"]
[Date "2007.10.21"]
[Round "2.7"]
[White "Ernst, Sipke"]
[Black "Saltaev, Mihail"]
[Result "1/2-1/2"]
[WhiteElo "2555"]
[BlackElo "2522"]
[PlyCount "51"]
[EventDate "2007.??.??"]

1. d4 d5 2. c4 c6 3. Nf3 Nf6 4. e3 a6 5. Bd3 g6 6. Nc3 Bf5 7. Bxf5 gxf5 8. Qb3
Ra7 9. Ne5 e6 10. Bd2 Nbd7 11. Nxd7 Nxd7 12. cxd5 cxd5 13. Ne2 Qb6 14. Nf4 Ra8
15. Ke2 Bd6 16. Nd3 Ke7 17. Rhc1 Rhc8 18. h3 Rxc1 19. Rxc1 Qxb3 20. axb3 Rg8
21. g3 Nb8 22. Bb4 Nc6 23. Bxd6+ Kxd6 24. Nc5 b6 25. Nd3 f6 26. Ne1 1/2-1/2

[Event "BL 0708 SF Katernberg - SC Kreuzberg"]
[Site "?"]
[Date "2007.11.24"]
[Round "3.1"]
[White "Sargissian, Gabriel"]
[Black "L'Ami, Erwin"]
[Result "1/2-1/2"]
[WhiteElo "2673"]
[BlackElo "2577"]
[PlyCount "96"]
[EventDate "2007.??.??"]

1. d4 d5 2. c4 c6 3. Nf3 Nf6 4. e3 Bg4 5. h3 Bh5 6. Nc3 e6 7. g4 Bg6 8. Ne5
Nfd7 9. Nxg6 hxg6 10. Bd2 Nb6 11. c5 N6d7 12. b4 Be7 13. Bg2 O-O 14. O-O a5 15.
a3 axb4 16. axb4 Rxa1 17. Qxa1 Qc7 18. Qa5 Qc8 19. Ra1 e5 20. b5 Bf6 21. bxc6
bxc6 22. Ne2 Re8 23. Qa7 exd4 24. Nxd4 Ne5 25. Bf1 Nbd7 26. Rc1 g5 27. Ba5 Qa8
28. Qxa8 Rxa8 29. Bc7 Be7 30. Bd6 Bf8 31. f4 gxf4 32. exf4 Ng6 33. Bxf8 Kxf8
34. Nxc6 Rc8 35. Nb4 Nxf4 36. c6 Nb6 37. Ba6 Rc7 38. Kh2 Ne6 39. Rd1 Ra7 40.
Bb7 Nc7 41. Rb1 Ke7 42. Na6 Nxa6 43. Rxb6 Nc7 44. Rb2 d4 45. Re2+ Kd6 46. Rf2
Ke7 47. Re2+ Kd6 48. Rf2 Ke7 1/2-1/2

[Event "BL 0708 SF Katernberg - SC Kreuzberg"]
[Site "?"]
[Date "2007.11.24"]
[Round "3.2"]
[White "Glek, Igor V"]
[Black "Luther, Thomas"]
[Result "1/2-1/2"]
[WhiteElo "2543"]
[BlackElo "2534"]
[PlyCount "23"]
[EventDate "2007.??.??"]

1. e4 e5 2. Nf3 Nf6 3. d4 Nxe4 4. Bd3 d5 5. Nxe5 Nd7 6. O-O Nxe5 7. dxe5 Nc5 8.
Nc3 c6 9. Qf3 Qh4 10. h3 Be7 11. Ne2 f6 12. exf6 1/2-1/2

[Event "BL 0708 SF Katernberg - SC Kreuzberg"]
[Site "?"]
[Date "2007.11.24"]
[Round "3.3"]
[White "Tischbierek, Raj"]
[Black "Postny, Evgeny"]
[Result "1-0"]
[WhiteElo "2487"]
[BlackElo "2599"]
[PlyCount "77"]
[EventDate "2007.??.??"]

1. e4 e5 2. Bc4 Nc6 3. Nc3 Nf6 4. d3 Na5 5. Nge2 d6 6. O-O Be7 7. a4 Nxc4 8.
dxc4 O-O 9. Ng3 c6 10. b3 Qc7 11. h3 Be6 12. Qf3 g6 13. Bh6 Rfd8 14. Rad1 Kh8
15. Bg5 Ne8 16. Bxe7 Qxe7 17. Qe3 f6 18. Rd3 Bg8 19. h4 Ng7 20. f4 Ne6 21. Nce2
Rd7 22. f5 Nc5 23. Rd2 Rad8 24. Nc3 Qg7 25. a5 b6 26. axb6 axb6 27. Rfd1 Qe7
28. b4 Na6 29. Qxb6 Bxc4 30. b5 Nc5 31. bxc6 Rc7 32. Qxc5 dxc5 33. Rxd8+ Bg8
34. R8d7 Rxd7 35. cxd7 Qd8 36. Nb5 gxf5 37. exf5 Bf7 38. Nc7 Kg7 39. Ne6+ 1-0

[Event "BL 0708 SF Katernberg - SC Kreuzberg"]
[Site "?"]
[Date "2007.11.24"]
[Round "3.4"]
[White "Halkias, Stelios"]
[Black "Kalinitschew, Sergey"]
[Result "1-0"]
[WhiteElo "2590"]
[BlackElo "2489"]
[PlyCount "60"]
[EventDate "2007.??.??"]

1. Nf3 c5 2. c4 Nf6 3. e3 g6 4. Nc3 Bg7 5. d4 O-O 6. Be2 cxd4 7. exd4 d5 8. O-O
Nc6 9. Be3 Bg4 10. c5 Ne4 11. Rc1 Nxc3 12. bxc3 b6 13. Qa4 Na5 14. Rfe1 Rc8 15.
Ba6 Bxf3 16. Bxc8 Bxg2 17. Bg4 Be4 18. f3 Bd3 19. Bg5 f6 20. Be6+ Kh8 21. Bf4
b5 22. Qd1 Bc4 23. Qd2 g5 24. Bg3 Qe8 25. Qg2 h5 26. Qh3 Bh6 27. Qf5 b4 28. c6
b3 29. c7 Ba6 30. axb3 Kg7 1-0

[Event "BL 0708 SF Katernberg - SC Kreuzberg"]
[Site "?"]
[Date "2007.11.24"]
[Round "3.5"]
[White "Volke, Karsten"]
[Black "Firman, Nazar"]
[Result "0-1"]
[WhiteElo "2472"]
[BlackElo "2526"]
[PlyCount "72"]
[EventDate "2007.??.??"]

1. d4 Nf6 2. c4 e6 3. Nf3 c5 4. d5 b5 5. dxe6 fxe6 6. cxb5 a6 7. e3 Bb7 8. Nbd2
Be7 9. b3 O-O 10. Bb2 Qe8 11. a4 Qg6 12. Ne5 Qh6 13. b6 a5 14. Ndf3 d6 15. Nc4
d5 16. Nce5 Nbd7 17. Nxd7 Nxd7 18. Be2 Bd6 19. h4 Nxb6 20. Ng5 c4 21. bxc4 Bb4+
22. Kf1 Nxc4 23. Bxc4 dxc4 24. Bd4 Rf5 25. Qg4 Raf8 26. e4 Rf4 27. Qg3 Bxe4 28.
Be5 Rxf2+ 29. Qxf2 Bd3+ 30. Kg1 Rxf2 31. Kxf2 Qg6 32. Nf3 Bc5+ 33. Bd4 Bxd4+
34. Nxd4 Qf6+ 35. Nf3 e5 36. Rab1 Bxb1 0-1

[Event "BL 0708 SF Katernberg - SC Kreuzberg"]
[Site "?"]
[Date "2007.11.24"]
[Round "3.6"]
[White "Seel, Christian"]
[Black "Paehtz, Elisabeth"]
[Result "0-1"]
[WhiteElo "2495"]
[BlackElo "2452"]
[PlyCount "64"]
[EventDate "2007.??.??"]

1. Nf3 Nf6 2. c4 c6 3. d4 d5 4. e3 Bg4 5. Nc3 e6 6. h3 Bxf3 7. Qxf3 Nbd7 8. Bd2
Bd6 9. O-O-O Bb4 10. Kb1 a5 11. Bd3 Nb6 12. cxd5 cxd5 13. Bb5+ Ke7 14. g4 Bxc3
15. Bxc3 Nc8 16. Qe2 Nd6 17. Bd3 Qb6 18. f3 Rhc8 19. Rc1 Nfe4 20. fxe4 dxe4 21.
Rhf1 exd3 22. Qxd3 Qb5 23. Qxh7 Rxc3 24. Rxf7+ Kxf7 25. Rxc3 Rc8 26. Rxc8 Nxc8
27. Qe4 Nd6 28. Qf3+ Ke7 29. b3 Qd3+ 30. Kb2 a4 31. Qf4 Qd2+ 32. Ka3 Nb5+ 0-1

[Event "BL 0708 SV Mülheim Nord - SK Zehlendorf"]
[Site "?"]
[Date "2007.11.24"]
[Round "3.3"]
[White "Berczes, David"]
[Black "Tregubov, Pavel V"]
[Result "1/2-1/2"]
[WhiteElo "2430"]
[BlackElo "2609"]
[PlyCount "57"]
[EventDate "2007.??.??"]

1. d4 Nf6 2. c4 c5 3. d5 b5 4. cxb5 a6 5. bxa6 g6 6. Nc3 Bxa6 7. e4 Bxf1 8.
Kxf1 d6 9. Nf3 Nbd7 10. g3 Bg7 11. Kg2 O-O 12. Re1 Qa5 13. h3 Rfb8 14. e5 Nxe5
15. Nxe5 dxe5 16. Rxe5 Rb7 17. Qf3 Ne8 18. Re2 Nd6 19. Ne4 Nf5 20. Bd2 Nd4 21.
Bxa5 Nxf3 22. Kxf3 Rxa5 23. Nc3 Bxc3 24. bxc3 Ra3 25. Rc1 Kf8 26. Rcc2 Rba7 27.
Red2 Ke8 28. h4 Kd7 29. Ke2 1/2-1/2

[Event "BL 0708 SV Mülheim Nord - SK Zehlendorf"]
[Site "?"]
[Date "2007.11.24"]
[Round "3.5"]
[White "Berger, Steve"]
[Black "Golod, Vitali"]
[Result "1/2-1/2"]
[WhiteElo "2410"]
[BlackElo "2586"]
[PlyCount "102"]
[EventDate "2007.??.??"]

1. e4 e5 2. Nf3 Nc6 3. Bb5 a6 4. Ba4 Nf6 5. d3 d6 6. c3 g6 7. O-O Bg7 8. Re1
O-O 9. Nbd2 Nd7 10. Nf1 Nc5 11. Bxc6 bxc6 12. d4 Nd7 13. Bg5 f6 14. Be3 Rb8 15.
b3 Qe7 16. Ng3 a5 17. Rc1 Kh8 18. h3 c5 19. h4 h5 20. Nd2 Nb6 21. Qe2 cxd4 22.
cxd4 exd4 23. Bxd4 c5 24. Bc3 a4 25. b4 Nd7 26. a3 Ne5 27. bxc5 dxc5 28. Nc4
Bg4 29. Nxe5 fxe5 30. Qc4 Be6 31. Qxa4 Qxh4 32. Qc6 Qe7 33. Red1 h4 34. Nf1
Rbc8 35. Qd6 Qf6 36. f4 Bg4 37. Bxe5 Qxd6 38. Rxd6 Bxe5 39. fxe5 Kg7 40. Ne3
Rf4 41. Rc4 Be2 42. Rc2 Bh5 43. Rd7+ Kh6 44. Nc4 Rcf8 45. Nd2 Rf2 46. e6 Re2
47. e7 Rff2 48. e8=Q Rxg2+ 49. Kf1 Ref2+ 50. Ke1 Re2+ 51. Kf1 Rgf2+ 1/2-1/2

[Event "BL 0708 SV Mülheim Nord - SK Zehlendorf"]
[Site "?"]
[Date "2007.11.24"]
[Round "3.6"]
[White "Malakhatko, Vadim"]
[Black "Werner, Dimo"]
[Result "1-0"]
[WhiteElo "2596"]
[BlackElo "2346"]
[PlyCount "95"]
[EventDate "2007.??.??"]

1. d4 d5 2. c4 c6 3. Nc3 Nf6 4. Nf3 dxc4 5. a4 e6 6. e3 c5 7. Bxc4 Nc6 8. O-O
cxd4 9. exd4 Be7 10. Qe2 O-O 11. Rd1 Nb4 12. Bg5 Bd7 13. d5 exd5 14. Nxd5 Nfxd5
15. Bxe7 Qxe7 16. Qxe7 Nxe7 17. Rxd7 Nbc6 18. Re1 Ng6 19. h4 Rad8 20. Rxb7 Na5
21. Rc7 Nxc4 22. Rxc4 f6 23. b4 Rf7 24. b5 Rfd7 25. Ree4 Kf7 26. Red4 h5 27. g3
Ne7 28. Rxd7 Rxd7 29. Nd4 Nd5 30. Nc6 Ke6 31. Nb4 Nxb4 32. Rxb4 Rd1+ 33. Kg2
Ra1 34. Rc4 Kf5 35. Kf3 Ra3+ 36. Ke2 g5 37. Kd2 Ra2+ 38. Ke3 Ra3+ 39. Kd4 gxh4
40. gxh4 Rf3 41. Kd5 Rxf2 42. Rc7 Rd2+ 43. Kc6 Ke6 44. Rxa7 Rc2+ 45. Kb6 f5 46.
Rc7 Ra2 47. Rc4 Ke5 48. Ka7 1-0

[Event "BL 0708 SV Mülheim Nord - SK Zehlendorf"]
[Site "?"]
[Date "2007.11.24"]
[Round "3.7"]
[White "Orzech, Dominik"]
[Black "Saltaev, Mihail"]
[Result "0-1"]
[WhiteElo "2483"]
[BlackElo "2511"]
[PlyCount "116"]
[EventDate "2007.??.??"]

1. d4 d5 2. Nf3 c6 3. c4 Nf6 4. Nc3 a6 5. cxd5 cxd5 6. Bf4 e6 7. Rc1 Nc6 8. e3
Bd6 9. Bg3 O-O 10. Bd3 Na5 11. O-O b5 12. Qe2 Bb7 13. Ne5 Ne4 14. Nf3 Nxg3 15.
hxg3 f5 16. Rc2 Nc6 17. Nd2 e5 18. dxe5 Nxe5 19. Nf3 Ng4 20. Rd2 Bb4 21. Bc2
Bxc3 22. bxc3 Rc8 23. Rd3 Qf6 24. Qd2 Rc5 25. Bb3 Rd8 26. Rd1 Qc6 27. Qb2 a5
28. a3 Kh8 29. Rd4 Nf6 30. a4 Rc8 31. Bc2 g6 32. axb5 Rxb5 33. Qa3 Qc5 34. Qa4
Rb2 35. c4 Qc6 36. Ne5 Qe6 37. Nd3 Bc6 38. Qa1 Rxc2 39. cxd5 Bxd5 40. Rxd5 Qxd5
41. Qxf6+ Kg8 42. Kh2 Re8 43. Rb1 Rc6 44. Nf4 Qxg2+ 45. Kxg2 Rxf6 46. Nd5 Rd6
47. Rb5 Red8 48. Nc7 R6d7 49. Ne6 Ra8 50. Rb3 a4 51. Ra3 Kf7 52. Nc5 Rda7 53.
e4 Ra5 54. Nb7 R5a7 55. Nc5 Rc7 56. Rxa4 Rxa4 57. Nxa4 fxe4 58. Nb2 Rc1 0-1

[Event "BL 0708 SV Mülheim Nord - SK Zehlendorf"]
[Site "?"]
[Date "2007.11.24"]
[Round "3.8"]
[White "Schebler, Gerhard"]
[Black "Klimm, Wolf-Dietrich"]
[Result "1-0"]
[WhiteElo "2458"]
[BlackElo "2286"]
[PlyCount "75"]
[EventDate "2007.??.??"]

1. Nf3 Nf6 2. g3 b6 3. Bg2 Bb7 4. O-O c5 5. c4 e6 6. Nc3 Be7 7. b3 d6 8. Bb2 a6
9. e3 O-O 10. d4 cxd4 11. Nxd4 Bxg2 12. Kxg2 Qc8 13. Rc1 Qb7+ 14. Qf3 Ra7 15.
Qxb7 Rxb7 16. f4 Rc8 17. Kf3 Nc6 18. Nxc6 Rxc6 19. g4 h6 20. Rfd1 Kf8 21. h4 b5
22. g5 Ne8 23. cxb5 axb5 24. Ne2 Rxc1 25. Rxc1 hxg5 26. hxg5 Ra7 27. Rc8 Rxa2
28. Bxg7+ Kxg7 29. Rxe8 Ra7 30. Rb8 e5 31. Kg4 f6 32. Ng3 exf4 33. exf4 fxg5
34. fxg5 Kg6 35. Nf5 b4 36. Rg8+ Kf7 37. Rg7+ Kf8 38. g6 1-0

[Event "BL 0708 TV Tegernsee - Solinger SG"]
[Site "?"]
[Date "2007.11.24"]
[Round "3.1"]
[White "Stellwagen, Daniel"]
[Black "Khenkin, Igor"]
[Result "0-1"]
[WhiteElo "2639"]
[BlackElo "2600"]
[PlyCount "72"]
[EventDate "2007.??.??"]

1. e4 c5 2. Nc3 Nc6 3. g3 g6 4. Bg2 Bg7 5. d3 d6 6. f4 Nf6 7. Nf3 Bg4 8. h3
Bxf3 9. Qxf3 Nd4 10. Qf2 O-O 11. O-O Nd7 12. Be3 e6 13. Rae1 Qa5 14. g4 Rab8
15. Kh1 b5 16. e5 d5 17. f5 Bxe5 18. Bh6 Bg7 19. Bxg7 Kxg7 20. f6+ Kh8 21. Nd1
b4 22. c3 bxc3 23. bxc3 Nb5 24. Qd2 Rg8 25. Bxd5 exd5 26. Re7 Qd8 27. Rxf7 Nd6
28. Re7 Nxf6 29. Re6 Nde8 30. Qf4 Rb6 31. Rxb6 axb6 32. Qe5 Rg7 33. g5 Re7 34.
Qf4 Ng8 35. Ne3 d4 36. Ng4 Qd5+ 0-1

[Event "BL 0708 TV Tegernsee - Solinger SG"]
[Site "?"]
[Date "2007.11.24"]
[Round "3.3"]
[White "Naumann, Alexander"]
[Black "Teske, Henrik"]
[Result "1/2-1/2"]
[WhiteElo "2548"]
[BlackElo "2518"]
[PlyCount "27"]
[EventDate "2007.??.??"]

1. e4 e5 2. Nf3 Nf6 3. d4 Nxe4 4. Bd3 Nc6 5. dxe5 d5 6. O-O Bg4 7. Nc3 Nxc3 8.
bxc3 Bc5 9. Bf4 Qd7 10. h3 Bh5 11. Rb1 O-O-O 12. Re1 Rhe8 13. Qe2 Bb6 14. Bh2
1/2-1/2

[Event "BL 0708 TV Tegernsee - Solinger SG"]
[Site "?"]
[Date "2007.11.24"]
[Round "3.4"]
[White "Bromberger, Stefan"]
[Black "Werle, Jan"]
[Result "1/2-1/2"]
[WhiteElo "2491"]
[BlackElo "2568"]
[PlyCount "81"]
[EventDate "2007.??.??"]

1. d4 f5 2. g3 Nf6 3. Bg2 g6 4. Nf3 Bg7 5. O-O O-O 6. b4 Nc6 7. b5 Na5 8. Nbd2
Ne4 9. Nb3 c5 10. bxc6 bxc6 11. Ne5 d6 12. Nxa5 Qxa5 13. Nxc6 Qc7 14. Nb4 Qc4
15. Nd3 Bxd4 16. Rb1 Bg7 17. Bg5 Re8 18. Rb4 Qxa2 19. Nf4 Qf7 20. Qd5 Qxd5 21.
Nxd5 a5 22. Bxe4 fxe4 23. Rxe4 Bb7 24. Nxe7+ Kf7 25. Rf4+ Ke6 26. Rb1 Rab8 27.
Rh4 h6 28. Bxh6 Rxe7 29. Bxg7 Rxg7 30. Ra4 Ra8 31. Rb5 Rc7 32. f3 Bd5 33. e4
Bc4 34. Rbxa5 Rb8 35. Ra7 Rxa7 36. Rxa7 Rb2 37. Rg7 Kf6 38. Rd7 Ke5 39. Rg7 Kf6
40. Rd7 Ke6 41. Rg7 1/2-1/2

[Event "BL 0708 TV Tegernsee - Solinger SG"]
[Site "?"]
[Date "2007.11.24"]
[Round "3.5"]
[White "Hoffmann, Michael"]
[Black "Boensch, Uwe"]
[Result "1/2-1/2"]
[WhiteElo "2471"]
[BlackElo "2530"]
[PlyCount "33"]
[EventDate "2007.??.??"]

1. e4 c5 2. Nf3 d6 3. d4 cxd4 4. Nxd4 Nf6 5. Nc3 e6 6. g4 h6 7. h4 a6 8. Bg2 g6
9. g5 hxg5 10. hxg5 Rxh1+ 11. Bxh1 Nfd7 12. f4 Nc6 13. Nde2 b5 14. b3 Bb7 15.
Bb2 Qb6 16. Qd2 O-O-O 17. O-O-O 1/2-1/2

[Event "BL 0708 TV Tegernsee - Solinger SG"]
[Site "?"]
[Date "2007.11.24"]
[Round "3.6"]
[White "Kindermann, Stefan"]
[Black "Ragger, Markus"]
[Result "1/2-1/2"]
[WhiteElo "2528"]
[BlackElo "2528"]
[PlyCount "35"]
[EventDate "2007.??.??"]

1. e4 e5 2. Nf3 Nc6 3. Bc4 Nf6 4. d3 Be7 5. O-O O-O 6. Re1 d6 7. a4 Na5 8. Ba2
c5 9. c3 Nc6 10. Nbd2 Be6 11. Nf1 Bxa2 12. Rxa2 d5 13. Qe2 d4 14. Ng3 Ne8 15.
Nf5 Nd6 16. Nxe7+ Qxe7 17. Ra1 Rab8 18. c4 1/2-1/2

[Event "BL 0708 TV Tegernsee - Solinger SG"]
[Site "?"]
[Date "2007.11.24"]
[Round "3.7"]
[White "Ernst, Sipke"]
[Black "Hertneck, Gerald"]
[Result "0-1"]
[WhiteElo "2539"]
[BlackElo "2508"]
[PlyCount "182"]
[EventDate "2007.??.??"]

1. Nf3 Nf6 2. c4 b6 3. g3 Bb7 4. Bg2 c5 5. O-O e6 6. Nc3 Be7 7. Re1 Ne4 8. d4
Nxc3 9. bxc3 Be4 10. Bf1 Nc6 11. d5 Na5 12. Nd2 Bg6 13. e4 e5 14. f4 f6 15. Qg4
O-O 16. Bd3 Qc8 17. f5 Be8 18. Kg2 d6 19. Qe2 Bd8 20. g4 a6 21. h4 Ra7 22. Rb1
Rb7 23. Kh2 Qb8 24. Rg1 b5 25. cxb5 axb5 26. Nf3 c4 27. Bc2 Bb6 28. Rg3 Ra7 29.
g5 Nb7 30. a4 Nc5 31. gxf6 Rxf6 32. Bg5 Rf8 33. axb5 Bh5 34. Rbg1 Nd3 35. R1g2
Nf4 36. Bxf4 exf4 37. Rg5 Qe8 38. Bd1 h6 39. Rxh5 Qxh5 40. Qxc4 Rc7 41. Qd3
Rfc8 42. Qe2 Be3 43. Qb2 Rxc3 44. Rg6 Bd4 45. Qg2 Bf6 46. b6 Rxf3 47. Bxf3
Qxh4+ 48. Qh3 Qxh3+ 49. Kxh3 Rb8 50. Bh5 Rxb6 51. Kg4 Rb3 52. Kxf4 Kf8 53. e5
dxe5+ 54. Ke4 Rb4+ 55. Ke3 Rd4 56. Bf3 Bg5+ 57. Kf2 e4 58. Bh5 e3+ 59. Kg3 Bf6
60. Rg4 e2 61. Kf2 Rxd5 62. Kxe2 Rxf5 63. Bg6 Rc5 64. Re4 Be5 65. Ra4 Ke7 66.
Ra6 Bd6 67. Kf3 Rg5 68. Be4 h5 69. Ra7+ Ke6 70. Bb7 Rg3+ 71. Kf2 g5 72. Ra6 Rd3
73. Ra5 Kf6 74. Bf3 Rd2+ 75. Ke3 Bf4+ 76. Ke4 h4 77. Ra6+ Ke7 78. Bg4 Rg2 79.
Kf5 Rg3 80. Re6+ Kd8 81. Rh6 Kc7 82. Be2 Re3 83. Bd1 h3 84. Kg4 h2 85. Bf3 Re1
86. Bg2 Rg1 87. Kf3 Bd6 88. Kf2 g4 89. Be4 g3+ 90. Ke2 g2 91. Rh7+ Kb6 0-1